000 00270nam a22001217a 4500
008 181017b xxu||||| |||| 00| 0 eng d
041 _aeng
080 _a159.9
100 _a48
101 _aPSI
245 _aThe Human Of Enterprise
_cDouglas.M
942 _2udc
_cBK
999 _c50064
_d50064